| 000 | 01003nac a22002411u 4500 | ||
|---|---|---|---|
| 008 | 130127s1990 us ||||| |||| 00| 0 eng d | ||
| 010 | _a 89036997 | ||
| 020 | _a0824057457 (alk. paper) | ||
| 082 | 0 | 0 |
_a270.103 _222 _bENC |
| 245 | 0 | 0 |
_aEncyclopedia of Early Christianity / _cEverett Ferguson, editor ; Michael P. McHugh, Frederick W. Norris, associate editors ; David M. Scholer, consulting editor. |
| 260 |
_aNew York : _bGarland Pub., _c1990. |
||
| 300 |
_axix, 983 p. : _bill. ; _c26 cm. |
||
| 440 | 0 |
_aGarland reference library of the humanities ; _vvol. 846 _932019 |
|
| 500 | _adistributer: Al-Ahram | ||
| 504 | _aIncludes bibliographical references. | ||
| 511 | _acatalogued by: wessam | ||
| 650 | 0 |
_aChurch history _yPrimitive and early church, ca. 30-600 _xEncyclopedias. _932020 |
|
| 700 | 1 |
_aFerguson, Everett, _d1933- _932021 |
|
| 700 | 1 |
_aMcHugh, Michael P. _932022 |
|
| 700 | 1 |
_aNorris, Frederick W., _d1941- _932023 |
|
| 700 | 1 |
_aScholer, David M. _932024 |
|
| 942 |
_cNB _k270.103 ENC _2ddc |
||
| 999 |
_c7355 _d7355 |
||